[Event "Florianopolis op 10th"]
[Site "Florianopolis"]
[Date "2024.01.26"]
[Round "8"]
[White "De Sousa, Alex Aecio"]
[Black "Carvalho, Eduardo Meireles"]
[Result "1-0"]
[WhiteElo "1742"]
[BlackElo "1476"]
[PlyCount "83"]
[EventDate "2024.01.20"]
[EventType "swiss"]
[EventRounds "10"]
[EventCountry "BRA"]
[SourceTitle "CB05_2024"]
[SourceDate "2024.01.31"]
[SourceVersion "1"]
[SourceVersionDate "2024.01.31"]
[SourceQuality "1"]

1. g3 c6 2. Bg2 d5 3. b3 Nf6 4. Bb2 Bf5 5. Nf3 Nbd7 6. d3 e6 7. Nbd2 Be7 8. 0-0 0-0 9. Re1 Bg6 10. e4 Qb6 11. e5 Ng4 12. d4 c5 13. h3 Nh6 14. c4 cxd4 15. Bxd4 Bc5 16. Bxc5 Nxc5 17. Nh4 Nd3 18. Re3 Nf5 19. Nxg6 Nxe3 20. Ne7+ Kh8 21. fxe3 Qxe3+ 22. Kh2 Rae8 23. cxd5 Rxe7 24. d6 Rd7 25. Nc4 Qd4 26. Qg1 Qc3 27. Rd1 Nxe5 28. Qc5 Nf3+ 29. Kh1 Ne1 30. Qe5 Qc2 31. Qxe1 Qxa2 32. Ne5 Rdd8 33. Qe3 f6 34. Nc4 b5 35. Qd2 Qxd2 36. Rxd2 bxc4 37. bxc4 Rc8 38. d7 Rb8 39. c5 Rb1+ 40. Kh2 Rd8 41. c6 Rc1 42. Ra2 1-0

[Event "Florianopolis op 10th"]
[Site "Florianopolis"]
[Date "2024.01.25"]
[Round "7"]
[White "Bieging, Luca Jurgen"]
[Black "De Sousa, Alex Aecio"]
[Result "1-0"]
[WhiteElo "1436"]
[BlackElo "1742"]
[PlyCount "114"]
[EventDate "2024.01.20"]
[EventType "swiss"]
[EventRounds "10"]
[EventCountry "BRA"]
[SourceTitle "CB05_2024"]
[SourceDate "2024.01.31"]
[SourceVersion "1"]
[SourceVersionDate "2024.01.31"]
[SourceQuality "1"]

1. e4 c5 2. Nf3 g6 3. d4 cxd4 4. Nxd4 Bg7 5. Nc3 Nc6 6. Be3 Qa5 7. Qd2 Nf6 8. f3 0-0 9. 0-0-0 d5 10. exd5 Nb4 11. Kb1 Nbxd5 12. a3 Nxe3 13. Qxe3 Nd5 14. Nxd5 Qxd5 15. Be2 Qc4 16. Qe4 e5 17. Nb3 Qc7 18. Bd3 Be6 19. g4 b5 20. h4 a5 21. h5 a4 22. Nc1 Rab8 23. hxg6 hxg6 24. c3 Rfd8 25. Qe3 b4 26. cxb4 Rbc8 27. Ne2 e4 28. Qxe4 Bb3 29. Rc1 Qd6 30. Rxc8 Rxc8 31. Rc1 Rxc1+ 32. Nxc1 Qf6 33. Qe8+ Kh7 34. Qe2 Bd1 35. g5 Qd4 36. Qh2+ Kg8 37. f4 Bg4 38. Ka1 Kf8 39. b5 Kg8 40. Qc2 Be6 41. Kb1 Qxf4 42. b6 Be5 43. Bxg6 Qxg5 44. Be4 f5 45. Qxa4 Qf4 46. Qe8+ Kg7 47. Qe7+ Kh8 48. Qxe6 Qxe4+ 49. Ka2 Qd4 50. Qb3 Qd2 51. Nd3 Bd6 52. Qc3+ Qxc3 53. bxc3 Kg7 54. a4 Kf6 55. a5 f4 56. a6 Kf5 57. a7 Ke4 1-0

[Event "Florianopolis Winter op 6th"]
[Site "Florianopolis"]
[Date "2022.07.13"]
[Round "1"]
[White "De Sousa, Alex Aecio"]
[Black "Aranha Filho, Alvaro Zimmermann"]
[Result "0-1"]
[WhiteElo "1700"]
[BlackElo "2200"]
[PlyCount "56"]
[EventDate "2022.07.13"]
[EventType "swiss"]
[EventRounds "9"]
[EventCountry "BRA"]
[SourceTitle "CBM 209 Extra"]
[Source "ChessBase"]
[SourceDate "2022.09.30"]
[SourceVersion "1"]
[SourceVersionDate "2022.09.30"]
[SourceQuality "1"]

1. c4 e6 2. g3 d5 3. Bg2 d4 4. Nf3 c5 5. Na3 Nc6 6. d3 e5 7. 0-0 Be7 8. e3 Nf6 9. exd4 exd4 10. Nc2 0-0 11. Rb1 a5 12. Na3 Nb4 13. Ra1 Bf5 14. Ne1 Qd7 15. Nb5 h6 16. a3 Nc6 17. Nf3 Bg4 18. Re1 Rfe8 19. Bf4 Bf8 20. Qc2 Qf5 21. Nd2 Bh3 22. Ne4 Bxg2 23. Nxf6+ Qxf6 24. Kxg2 g5 25. Bd2 Ne5 26. f4 Qc6+ 27. Re4 Nxd3 28. Qxd3 f5 0-1

[Event "Florianopolis Winter op 6th"]
[Site "Florianopolis"]
[Date "2022.07.13"]
[Round "2"]
[White "Klein, Louise da Silveira"]
[Black "De Sousa, Alex Aecio"]
[Result "0-1"]
[WhiteElo "1254"]
[BlackElo "1700"]
[PlyCount "38"]
[EventDate "2022.07.13"]
[EventType "swiss"]
[EventRounds "9"]
[EventCountry "BRA"]
[SourceTitle "CBM 209 Extra"]
[Source "ChessBase"]
[SourceDate "2022.09.30"]
[SourceVersion "1"]
[SourceVersionDate "2022.09.30"]
[SourceQuality "1"]

1. d4 Nf6 2. c4 g6 3. f3 d5 4. cxd5 Nxd5 5. e4 Nb6 6. Be3 Bg7 7. Nc3 Nc6 8. Bb5 Bd7 9. Nge2 0-0 10. Qd2 a6 11. Bd3 Nb4 12. Rc1 e6 13. Bb1 Nc4 14. Bg5 f6 15. Bxf6 Qxf6 16. Qd1 Ne3 17. Qb3 Nxg2+ 18. Kd2 Bh6+ 19. Kd1 Qxf3 0-1

[Event "BRA-ch Amateur U1800"]
[Site "Sao Paulo"]
[Date "2019.06.20"]
[Round "2"]
[White "De Sousa, Alex Aecio"]
[Black "Rezende, Uelton Fabricius Al"]
[Result "1-0"]
[WhiteElo "1692"]
[BlackElo "1778"]
[PlyCount "78"]
[EventDate "2019.06.20"]
[EventType "swiss"]
[EventRounds "7"]
[EventCountry "BRA"]
[SourceTitle "CBM 195 Extra"]
[Source "ChessBase"]
[SourceDate "2020.05.31"]
[SourceVersion "1"]
[SourceVersionDate "2020.05.31"]
[SourceQuality "1"]

1. c4 Nf6 2. g3 g6 3. Bg2 Bg7 4. e4 e5 5. Ne2 0-0 6. Nbc3 c6 7. 0-0 d6 8. h3 Re8 9. d3 Be6 10. f4 exf4 11. gxf4 Qc8 12. Kh2 Nh5 13. Be3 f5 14. Nd4 Bd7 15. Qd2 Nxf4 16. Rxf4 Be5 17. Nf3 Qd8 18. Kh1 g5 19. Nxg5 Bxf4 20. Bxf4 Qf6 21. Rf1 h6 22. Nf3 Kh7 23. Qf2 fxe4 24. Nh4 exd3 25. Be4+ Rxe4 26. Nxe4 Qe6 27. Qf3 Qxh3+ 28. Qxh3 Bxh3 29. Rf3 Be6 30. Nxd6 Nd7 31. Rxd3 Nc5 32. Re3 a5 33. Nxb7 Ra7 34. Nxc5 Bxc4 35. b3 Bg8 36. Nf5 Rf7 37. Re7 Kg6 38. Rxf7 Bxf7 39. Nxh6 Bd5+ 1-0

[Event "Joao Pessoa Fischer Memorial 10th"]
[Site "Joao Pessoa"]
[Date "2019.03.29"]
[Round "1"]
[White "De Lima, Alexsandro Barros"]
[Black "De Sousa, Alex Aecio"]
[Result "1-0"]
[WhiteElo "2197"]
[BlackElo "1662"]
[PlyCount "65"]
[EventDate "2019.03.29"]
[EventType "swiss"]
[EventRounds "6"]
[EventCountry "BRA"]
[SourceTitle "CBM 190 Extra"]
[Source "ChessBase"]
[SourceDate "2019.07.15"]
[SourceVersion "1"]
[SourceVersionDate "2019.07.15"]
[SourceQuality "1"]

1. Nf3 g6 2. d4 Nf6 3. c4 d5 4. cxd5 Bg7 5. g3 0-0 6. Bg2 Nxd5 7. 0-0 Nb6 8. Nc3 Bg4 9. h3 Bxf3 10. Bxf3 Nc6 11. e3 Re8 12. d5 Ne5 13. Bg2 c6 14. f4 Ned7 15. dxc6 bxc6 16. Bxc6 Rc8 17. Bg2 e5 18. f5 a6 19. Ne4 Bf8 20. Nd6 Bxd6 21. Qxd6 Nc4 22. Qd3 Qe7 23. fxg6 hxg6 24. Bd5 e4 25. Rxf7 Kh8 26. Rxe7 exd3 27. Rxe8+ Rxe8 28. Bxc4 Ne5 29. b3 Nf3+ 30. Kf2 Rf8 31. Bb2+ Kh7 32. Bxd3 Ng5+ 33. Ke2 1-0

[Event "Florianopolis op 5th"]
[Site "Florianopolis"]
[Date "2019.01.27"]
[Round "10"]
[White "De Sousa, Alex Aecio"]
[Black "Crul, Otavio Augusto Barr"]
[Result "1/2-1/2"]
[WhiteElo "1639"]
[BlackElo "1890"]
[PlyCount "34"]
[EventDate "2019.01.21"]
[EventType "swiss"]
[EventRounds "10"]
[EventCountry "BRA"]
[SourceTitle "EXT 2020"]
[Source "ChessBase"]
[SourceDate "2019.10.17"]
[SourceVersion "1"]
[SourceVersionDate "2019.10.17"]
[SourceQuality "1"]

1. c4 c5 2. g3 Nc6 3. Bg2 g6 4. Nc3 Bg7 5. e3 e5 6. Nge2 Nge7 7. 0-0 0-0 8. f4 d6 9. b3 Be6 10. Bb2 Qd7 11. Nd5 Bh3 12. fxe5 Bxg2 13. Kxg2 Nxe5 14. Ndf4 Rae8 15. Qc2 N7c6 16. h3 f5 17. Rad1 b5 1/2-1/2

[Event "Florianopolis op 5th"]
[Site "Florianopolis"]
[Date "2019.01.23"]
[Round "4"]
[White "De Sousa, Alex Aecio"]
[Black "De Sousa E Silva, Luis Gonzaga"]
[Result "1-0"]
[WhiteElo "1639"]
[BlackElo "1318"]
[PlyCount "45"]
[EventDate "2019.01.21"]
[EventType "swiss"]
[EventRounds "10"]
[EventCountry "BRA"]
[SourceTitle "CBM 188 Extra"]
[Source "ChessBase"]
[SourceDate "2019.02.26"]
[SourceVersion "1"]
[SourceVersionDate "2019.02.26"]
[SourceQuality "1"]

1. c4 Nf6 2. g3 g6 3. Bg2 Bg7 4. Nc3 d6 5. d3 Nbd7 6. e4 0-0 7. Nge2 Rb8 8. 0-0 e5 9. h3 a6 10. Be3 b6 11. Qd2 Bb7 12. f4 exf4 13. Nxf4 Ne5 14. Nfd5 Nxd5 15. Nxd5 Bxd5 16. cxd5 Qd7 17. Rac1 Rbc8 18. d4 Qb5 19. dxe5 Bxe5 20. Kh2 Qxb2 21. Rc6 a5 22. Rf2 Bf6 23. Rxf6 1-0

[Event "Sao Paulo STD U2200 op 2nd"]
[Site "Sao Paulo"]
[Date "2018.09.09"]
[Round "5"]
[White "Nobre, Jailson Altair Barb"]
[Black "De Sousa, Alex Aecio"]
[Result "0-1"]
[WhiteElo "1730"]
[BlackElo "1619"]
[PlyCount "58"]
[EventDate "2018.09.08"]
[EventType "swiss"]
[EventRounds "6"]
[EventCountry "BRA"]
[SourceTitle "EXT 2021"]
[Source "ChessBase"]
[SourceDate "2020.10.23"]
[SourceVersion "1"]
[SourceVersionDate "2020.10.23"]
[SourceQuality "1"]

1. e4 c5 2. Nf3 g6 3. c3 d5 4. e5 Nc6 5. d4 Bg7 6. h3 f6 7. exf6 Nxf6 8. dxc5 0-0 9. Nbd2 b6 10. Bb5 Bb7 11. Bxc6 Bxc6 12. Nd4 Bd7 13. cxb6 e5 14. Ne2 Qxb6 15. 0-0 Bb5 16. Nf3 Qa6 17. Re1 Kh8 18. Bg5 h6 19. Be3 Nh5 20. g4 Rxf3 21. gxh5 Rxh3 22. Ng3 Qe6 23. hxg6 Rf8 24. Kg2 Bc6 25. Bd4 Rh4 26. Qe2 Qh3+ 27. Kg1 Qh2+ 28. Kf1 Qxg3 29. Qe3 Bb5+ 0-1

[Event "Sao Paulo STD U2200 op 2nd"]
[Site "Sao Paulo"]
[Date "2018.09.08"]
[Round "2"]
[White "De Sousa, Alex Aecio"]
[Black "Haraguchi, Diego Sashaki"]
[Result "1-0"]
[WhiteElo "1619"]
[BlackElo "1360"]
[PlyCount "67"]
[EventDate "2018.09.08"]
[EventType "swiss"]
[EventRounds "6"]
[EventCountry "BRA"]
[SourceTitle "EXT 2021"]
[Source "ChessBase"]
[SourceDate "2020.10.23"]
[SourceVersion "1"]
[SourceVersionDate "2020.10.23"]
[SourceQuality "1"]

1. c4 c5 2. g3 Nc6 3. Bg2 g6 4. e3 Bg7 5. Ne2 Nf6 6. Nbc3 b6 7. d4 cxd4 8. exd4 Rb8 9. Bf4 e5 10. dxe5 Nh5 11. Qd6 Bb7 12. 0-0-0 Bf8 13. Qd2 Nxf4 14. gxf4 Bh6 15. Qe3 Qe7 16. Kb1 Qb4 17. Nd5 Qxc4 18. Nf6+ Kf8 19. Nxd7+ Kg7 20. Nxb8 Rxb8 21. Rc1 Qe6 22. Rhd1 Nb4 23. Nc3 Bxg2 24. Ka1 Rc8 25. b3 Qf5 26. Qd4 Nc2+ 27. Rxc2 Qxc2 28. e6+ Kg8 29. exf7+ Kf8 30. Qh8+ Ke7 31. Qxc8 Qf5 32. Qe8+ Kf6 33. Rd6+ Kg7 34. Qg8# 1-0

[Event "Sao Paulo STD U2200 op 2nd"]
[Site "Sao Paulo"]
[Date "2018.09.08"]
[Round "3"]
[White "Seccafim, Caic Dos Santos"]
[Black "De Sousa, Alex Aecio"]
[Result "1-0"]
[WhiteElo "1740"]
[BlackElo "1619"]
[PlyCount "61"]
[EventDate "2018.09.08"]
[EventType "swiss"]
[EventRounds "6"]
[EventCountry "BRA"]
[SourceTitle "EXT 2021"]
[Source "ChessBase"]
[SourceDate "2020.10.23"]
[SourceVersion "1"]
[SourceVersionDate "2020.10.23"]
[SourceQuality "1"]

1. e4 c5 2. d3 g6 3. g3 Bg7 4. Bg2 e5 5. f4 Nc6 6. Nf3 Nge7 7. Nc3 d6 8. Be3 Nd4 9. 0-0 Bg4 10. h3 Nxf3+ 11. Bxf3 Bxh3 12. Rf2 Be6 13. Bg4 f5 14. exf5 Nxf5 15. Bxf5 gxf5 16. Qh5+ Kd7 17. Re1 Qe8 18. Qf3 Rb8 19. Rfe2 Qg6 20. fxe5 Bxe5 21. Bf4 Bxc3 22. Rxe6 Bd4+ 23. Kg2 Qxe6 24. Rxe6 Kxe6 25. c4 Be5 26. Qd5+ Kf6 27. Bxe5+ dxe5 28. Qd6+ Kg5 29. Qxe5 b6 30. Kh3 h5 31. Qg7# 1-0

[Event "BRA-ch Amateur U1800"]
[Site "Sao Paulo"]
[Date "2018.06.02"]
[Round "5"]
[White "De Sousa, Alex Aecio"]
[Black "Dezejacomo, Daniel Otavio Silva"]
[Result "0-1"]
[WhiteElo "1614"]
[BlackElo "1712"]
[PlyCount "76"]
[EventDate "2018.05.31"]
[EventType "swiss"]
[EventRounds "7"]
[EventCountry "BRA"]
[SourceTitle "EXT 2021"]
[Source "ChessBase"]
[SourceDate "2020.10.23"]
[SourceVersion "1"]
[SourceVersionDate "2020.10.23"]
[SourceQuality "1"]

1. c4 Nf6 2. g3 c5 3. Bg2 g6 4. Nc3 Bg7 5. Nf3 0-0 6. d4 cxd4 7. Nxd4 Nc6 8. 0-0 Nxd4 9. Qxd4 a6 10. Qd3 d6 11. Rb1 Rb8 12. b3 Bd7 13. Bb2 b5 14. cxb5 axb5 15. Rfc1 Qa5 16. b4 Qa7 17. h3 Rfc8 18. Rc2 Rc4 19. Nxb5 Bxb5 20. Rxc4 Qxa2 21. Bxf6 Bxc4 22. Ra1 Qxa1+ 23. Bxa1 Bxd3 24. Bxg7 Kxg7 25. exd3 Rxb4 26. Bf1 Kf6 27. Kg2 Ke5 28. Kf3 Kd4 29. Kf4 Rb2 30. Kf3 f5 31. h4 e5 32. g4 fxg4+ 33. Kg3 h5 34. f3 gxf3 35. Kxf3 Rd2 36. Bg2 Rxd3+ 37. Ke2 e4 38. Bh1 Rh3 0-1

[Event "BRA-ch Amateur U1800"]
[Site "Sao Paulo"]
[Date "2018.06.01"]
[Round "4"]
[White "Andrade, Guilherme A de Sou"]
[Black "De Sousa, Alex Aecio"]
[Result "1-0"]
[WhiteElo "1725"]
[BlackElo "1614"]
[PlyCount "55"]
[EventDate "2018.05.31"]
[EventType "swiss"]
[EventRounds "7"]
[EventCountry "BRA"]
[SourceTitle "EXT 2021"]
[Source "ChessBase"]
[SourceDate "2020.10.23"]
[SourceVersion "1"]
[SourceVersionDate "2020.10.23"]
[SourceQuality "1"]

1. d4 Nf6 2. c4 g6 3. f3 d5 4. cxd5 Nxd5 5. e4 Nb6 6. Nc3 Bg7 7. Be3 0-0 8. Qd2 Nc6 9. 0-0-0 a5 10. h4 h5 11. g4 hxg4 12. h5 e5 13. d5 Nd4 14. Bh6 Qf6 15. Bg5 Nxf3 16. Nxf3 Qxf3 17. Be2 Qf2 18. h6 f6 19. Be3 Nc4 20. Bxc4 Qxd2+ 21. Rxd2 Bh8 22. d6+ Kh7 23. d7 g5 24. dxc8Q Raxc8 25. Rd7+ Kg6 26. Be6 f5 27. exf5+ Kf6 28. Ne4# 1-0

[Event "BRA-ch Amateur U1800"]
[Site "Sao Paulo"]
[Date "2018.05.31"]
[Round "1"]
[White "De Sousa, Alex Aecio"]
[Black "Lara, Diego Costa"]
[Result "1-0"]
[WhiteElo "1614"]
[BlackElo "1749"]
[PlyCount "77"]
[EventDate "2018.05.31"]
[EventType "swiss"]
[EventRounds "7"]
[EventCountry "BRA"]
[SourceTitle "EXT 2021"]
[Source "ChessBase"]
[SourceDate "2020.10.23"]
[SourceVersion "1"]
[SourceVersionDate "2020.10.23"]
[SourceQuality "1"]

1. c4 e5 2. Nc3 f5 3. g3 Bc5 4. Bg2 Ne7 5. e3 Nbc6 6. Nge2 d6 7. d4 Bb4 8. d5 Nb8 9. Qa4+ Nd7 10. Qxb4 Nc5 11. 0-0 a5 12. Qa3 Nd3 13. Bd2 0-0 14. Nb5 e4 15. Nf4 Ne5 16. Qb3 g5 17. Ne6 Bxe6 18. dxe6 g4 19. Nd4 c5 20. Ne2 N7g6 21. Nf4 Nxf4 22. exf4 Nf3+ 23. Bxf3 gxf3 24. Bc3 Qe7 25. Rfd1 a4 26. Qb6 Ra6 27. Qb5 Rc8 28. Qd7 Qxd7 29. exd7 Rd8 30. Rd5 Rxd7 31. a3 Kf7 32. Rxf5+ Ke6 33. Rf6+ Ke7 34. Rh6 Kd8 35. Re6 d5 36. Rxa6 bxa6 37. cxd5 Rxd5 38. Kf1 h5 39. h4 1-0

[Event "Sao Sebastiao IRT op"]
[Site "Sao Sebastiao do Paraiso"]
[Date "2016.02.13"]
[Round "1"]
[White "Domingues, Jair Vicente"]
[Black "De Sousa, Alex Aecio"]
[Result "1-0"]
[WhiteElo "1997"]
[BlackElo "1666"]
[PlyCount "99"]
[EventDate "2016.02.13"]
[EventType "swiss"]
[EventRounds "5"]
[EventCountry "BRA"]
[SourceTitle "CBM 170 Extra"]
[Source "ChessBase"]
[SourceDate "2016.02.25"]
[SourceVersion "1"]
[SourceVersionDate "2016.02.25"]
[SourceQuality "1"]

1. d4 Nf6 2. c4 g6 3. Nc3 d5 4. Nf3 Bg7 5. g3 0-0 6. Bg2 c6 7. cxd5 Nxd5 8. 0-0 Nd7 9. e4 Nxc3 10. bxc3 e5 11. Bg5 Qc7 12. Qd2 Re8 13. Rfe1 b6 14. a4 Bb7 15. h4 exd4 16. cxd4 Nf6 17. Bf4 Qe7 18. Bg5 h6 19. Bxh6 Nxe4 20. Qf4 Qf6 21. Bxg7 Qxf4 22. gxf4 Kxg7 23. Ne5 f5 24. Re3 Rad8 25. Bxe4 fxe4 26. Rg3 Rxd4 27. Rxg6+ Kh7 28. Rf6 Rg8+ 29. Kh1 e3 30. Rf7+ Rg7 31. Rxg7+ Kxg7 32. fxe3 Rd2 33. Kg1 Re2 34. Rd1 Kf6 35. Rd7 Bc8 36. Rf7+ Ke6 37. Rc7 Ba6 38. Rxa7 Bc8 39. Nxc6 Kf6 40. Nb4 Be6 41. Ra6 Kf5 42. Rxb6 Rxe3 43. a5 Ra3 44. a6 Bc4 45. Rc6 Be2 46. Kf2 Bb5 47. Rc5+ Kxf4 48. Rxb5 Ke4 49. Rb7 Kd4 50. Nc2+ 1-0

[Event "Sao Paulo Cordioli Memorial"]
[Site "Sao Paulo"]
[Date "2015.09.06"]
[Round "4"]
[White "De Sousa, Alex Aecio"]
[Black "Serafim Junior, Arnor"]
[Result "0-1"]
[WhiteElo "1768"]
[BlackElo "1867"]
[PlyCount "160"]
[EventDate "2015.09.05"]
[EventType "swiss"]
[EventRounds "6"]
[EventCountry "BRA"]
[SourceTitle "EXT 2016"]
[Source "ChessBase"]
[SourceDate "2015.10.08"]
[SourceVersion "1"]
[SourceVersionDate "2015.10.08"]
[SourceQuality "1"]

1. c4 Nf6 2. Nc3 e6 3. g3 d5 4. d4 c6 5. Bg2 Bb4 6. a3 Bxc3+ 7. bxc3 dxc4 8. Nf3 Nbd7 9. Qc2 Qa5 10. Bf4 0-0 11. 0-0 Nd5 12. Bd6 Re8 13. e4 Qxc3 14. Qe2 N5b6 15. Rfc1 Qa5 16. Nd2 Qa6 17. f4 Nf6 18. g4 e5 19. g5 Bg4 20. Qf2 Nfd7 21. fxe5 Be6 22. Rc3 Nc8 23. Bh3 Nxd6 24. exd6 Qa5 25. g6 fxg6 26. Bxe6+ Rxe6 27. Rac1 Rxd6 28. Nxc4 Qg5+ 29. Kh1 Rf6 30. Qg2 Qxg2+ 31. Kxg2 Raf8 32. R1c2 Rf4 33. Re2 Nf6 34. Rce3 Re8 35. Nd6 Re7 36. e5 Rxd4 37. Nc8 Rc7 38. exf6 Rxc8 39. f7+ Kxf7 40. Rf2+ Kg8 41. Re7 Rf8 42. Rb2 Rdf4 43. Rexb7 R4f7 44. R7b4 c5 45. Rc4 Rc7 46. Rb5 Rf5 47. a4 Kf7 48. Kg3 Ke6 49. Rh4 h6 50. Rg4 g5 51. Rc4 Kd5 52. Rc1 Kc6 53. h4 gxh4+ 54. Kxh4 Rf4+ 55. Kg3 Rf5 56. Kg4 g6 57. Re1 Kd6 58. Rd1+ Rd5 59. Rc1 c4 60. Rb4 c3 61. Kf3 c2 62. Ke2 Re7+ 63. Kf3 Rd3+ 64. Kf2 Rc3 65. Rb2 Rec7 66. Ke2 Kd5 67. Kd2 Kd4 68. Rb4+ R3c4 69. Rb3 Rxa4 70. Rd3+ Ke4 71. Rxc2 Rxc2+ 72. Kxc2 h5 73. Rd7 g5 74. Kd2 h4 75. Ke2 Kf4 76. Rf7+ Kg4 77. Kf2 Ra2+ 78. Kg1 Kg3 79. Rf1 h3 80. Rf2 Ra1+ 0-1

[Event "Sao Paulo Cordioli Memorial"]
[Site "Sao Paulo"]
[Date "2015.09.05"]
[Round "1"]
[White "De Haro, Martim Alfonso"]
[Black "De Sousa, Alex Aecio"]
[Result "1-0"]
[WhiteElo "1947"]
[BlackElo "1768"]
[PlyCount "67"]
[EventDate "2015.09.05"]
[EventType "swiss"]
[EventRounds "6"]
[EventCountry "BRA"]
[SourceTitle "EXT 2016"]
[Source "ChessBase"]
[SourceDate "2015.10.08"]
[SourceVersion "1"]
[SourceVersionDate "2015.10.08"]
[SourceQuality "1"]

1. e4 c5 2. Nf3 Nc6 3. Nc3 Nf6 4. d4 cxd4 5. Nxd4 g6 6. Be3 Bg7 7. Bc4 0-0 8. Bb3 a5 9. 0-0 a4 10. Nxa4 Nxe4 11. Nxc6 bxc6 12. Bb6 Qe8 13. Re1 d5 14. c4 Rxa4 15. Bxa4 Bxb2 16. Qc2 Bxa1 17. cxd5 Bf5 18. Rxa1 Qb8 19. Bc5 Qe5 20. Re1 Nxc5 21. Rxe5 Bxc2 22. Bxc2 Ra8 23. dxc6 Rxa2 24. Bb1 Ra1 25. Re1 Ne6 26. Kf1 Kf8 27. Rd1 Ke8 28. Ke2 f5 29. g3 Ra3 30. Bc2 Ra2 31. Kd3 Nd4 32. Bb1 Rxf2 33. Kxd4 Kd8 34. Ke3+ 1-0